02221naa a2200169 a 450000100080000000500110000800800410001910000110006024501020007126000090017352016980018265300110188065300200189165300100191165300180192177301120193910796762011-08-18 2002 bl uuuu u00u1 u #d1 aEpagri aNormas racionais de manejo de pastagens para ovinos em sistema exclusivo e integrado com bovinos. c2002 aA partir do momento em que o homem domesticou os ruminantes, surgiu a necessidade de encontrar formas de alimentá-los. Os animais, que antes transitavam livres pela natureza, passaram, desde então, a terem seus movimentos controlados, pois para o bem das sociedades rudimentares da época os animais deveriam estar sempre próximos e disponíveis para lhes proverem alimento. Para isto, tornou-se necessário que o homem tomasse para si a incumbência de gerenciar o fornecimento de alimento dos animais domesticados. Neste momento nasceu o ?manejo de pastagens?, onde o pastoralismo era a forma predominante de manejo. Desde então o homem está envolvido com o desafio de controlar o processo de pastejo. Nesta perspectiva, é quase risível concluirmos que a ?alta tecnologia? de manejo dos tempos atuais, passados cerca de 10000 anos da domesticação dos ruminantes, atenda essencialmente por: plantio de espécies cultivadas, fertilização, pastejo rotacionado e irrigação. As espécies cultivadas, particularmente a maioria das gramíneas e leguminosas tropicais em uso, têm a constituição genética idêntica à que já havia sido moldada pela seleção natural. Na fertilização, faz-se com adubação mineral o que sempre se fez com adubação orgânica. Pastejo rotacionado nada mais é que pastoralismo com cercas e, finalmente, irrigação se conhece desde a civilização egípcia. É isto que levamos tanto tempo para produzir e que chamamos tecnologia ? aAltura aManejo pastagem aOvino aPastejo misto tIn: SIMPSIO PAULISTA DE OVINOCULTURA, 6., 2002, Botucatu, SP. Anais... Botucatu, SP: Unesp, 2002. p. 21-50.